000 00381 a2200157 4500
001 67878
020 _a9788520925256
040 _cAnchieta - Pituba
100 _aAbreu, Caio Fernando
240 1 0 _aOs dragões não conhecem o paraíso
_lpor
245 1 0 _aOs dragões não conhecem o paraíso
300 _a219
362 0 _a2014
650 4 _aFicção brasileira
942 _cBK
999 _c67878
_d67878